| 000 | 01118cam a2200349 a 4500 | ||
|---|---|---|---|
| 001 | 4186 | ||
| 003 | FISKH | ||
| 005 | 20240626094349.0 | ||
| 008 | 941114s1995 nyua j 000 1 eng | ||
| 010 | _a 94078656 | ||
| 020 | _a0027360210 | ||
| 020 | _a9780711209862 | ||
| 040 |
_aDLC _cDLC _dDLC _beng |
||
| 050 | 0 | 0 | _aPZ7.G4889 |
| 082 | _a823.914 | ||
| 100 | 1 | _aGliori, Debi. | |
| 245 | 1 | 0 |
_aLittle bear and the wish fish / _cDebi Gliori. |
| 250 | _aFirst paperback edition 1996 | ||
| 260 |
_aLondon : _bFrances Lincoln, _c1995 |
||
| 300 |
_a32 unnumbered pages : _bcolor illustrations ; _c22 × 27 cm |
||
| 505 | _aP | ||
| 520 | _aBecause the bear family always complains about the weather, a fish with special powers grants them their wishes, and they get more than they bargained for. | ||
| 521 | 8 |
_a640
_bLexile estimate |
|
| 521 | 8 |
_aP
_bRaz-Plus |
|
| 650 | 1 |
_aBears _xFiction. |
|
| 650 | 1 |
_aFishes _xFiction. |
|
| 650 | 1 |
_aWeather _xFiction. |
|
| 650 | 1 |
_aWishes _xFiction. |
|
| 906 |
_a7 _bcbc _corignew _d2 _eopcn _f19 _gy-gencatlg |
||
| 942 |
_2ddc _cBK _n0 |
||
| 999 |
_c4186 _d4186 |
||